Normal view MARC view

Entry Personal Name

Number of records used in: 2

001 - CONTROL NUMBER

  • control field: 1156470

003 - CONTROL NUMBER IDENTIFIER

  • control field: OSt

005 - DATE AND TIME OF LATEST TRANSACTION

  • control field: 20260324115916.0

008 - FIXED-LENGTH DATA ELEMENTS

  • fixed length control field: 260324|| aca||aabn | a|a d

040 ## - CATALOGING SOURCE

  • Original cataloging agency: OSt
  • Transcribing agency: OSt

100 ## - HEADING--PERSONAL NAME

  • Personal name: Frederick S. Calhoun; Stephen W. Weston J.D

670 ## - SOURCE DATA FOUND

  • Source citation: Work cat.: (OSt)1747702: Frederick S. Calhoun; Stephen W. Weston J.D., Threat Assessment and Management Strategies
Copyright @ Delhi University Library System